000 01138cam a2200337 a 4500
001 3559126
003 OSt
005 20260313122844.0
008 980501s1998 miu 001 0 eng
010 _a 98007826
020 _a0801021812
020 _a9780801021817
035 _a3559126
040 _aDLC
_cDLC
_dDLC
050 0 0 _aPA817
_b.B545 1998
082 0 0 _a487/.4
_221
100 1 _aBlack, David Alan,
_d1952-
245 1 0 _aIt's still Greek to me :
_ban easy-to-understand guide to intermediate Greek /
_cDavid Alan Black.
260 _aGrand Rapids, MI. :
_bBaker Books,
_cc1998.
300 _a191 p. ;
_c23 cm.
336 _atext
_btxt
_2rdacontent
337 _aunmediated
_bn
_2rdamedia
338 _avolume
_bnc
_2rdacarrier
500 _aIncludes indexes.
630 0 0 _aBible.
_pNew Testament
_xLanguage, style.
650 0 _aGreek language, Biblical
_xGrammar.
906 _a7
_bcbc
_corignew
_d1
_eocip
_f19
_gy-gencatlg
942 _2lcc
_cBK
999 _c21379
_d21378